Stranger Things Characters p1 - Statistics

General Stats
  • This quiz has been taken 216 times
  • The average score is 17 of 20
Answer Stats
Picture Answer % Correct
Eleven
100%
Will Byers
98%
Mike Wheeler
96%
Nancy Wheeler
96%
Dustin Henderson
95%
Lucas Sinclair
94%
Steve Harrington
94%
Erica Sinclair
92%
Jonathan Byers
92%
Barbara Holland
91%
Dr Brenner
91%
Joyce Byers
89%
Robin Buckley
88%
Bob Newby
86%
Jim Hopper
83%
Murray Bauman
79%
Karen Wheeler
75%
Ted Wheeler
73%
Terry Ives
62%
Scott Clarke
52%
No matching quizzes found
Score Distribution
Percent of People with Each Score
Percentile by Number Answered
Your Score History
You have not taken this quiz